[Event "Quebec-ch Amateur"]
[Site "Montreal CAN"]
[Date "1989.05.21"]
[Round "5"]
[White "Cossette, Daniel"]
[Black "Teuton, Frank"]
[Result "0-1"]
[WhiteElo "1867"]
[BlackElo "1864"]
[PlyCount "82"]
[GameId "2160767912519391"]
[EventDate "1989.05.19"]
[EventType "swiss"]
[EventRounds "5"]
[EventCountry "CAN"]
[SourceTitle "EXT 2022"]
[Source "ChessBase"]
[SourceDate "2021.10.06"]
[SourceVersion "1"]
[SourceVersionDate "2021.10.06"]
[SourceQuality "1"]

1. d4 Nf6 2. c4 c5 3. d5 b5 4. a4 bxc4 5. Nc3 d6 6. e4 g6 7. Bxc4 Bg7 8. f4 O-O 9. Nf3 Qa5 10. O-O Qb4 11. Qe2 Nbd7 12. Bd2 Nb6 13. Bb5 Bd7 14. Rfe1 Bxb5 15. axb5 Qc4 16. Qd1 Ng4 17. e5 Nxd5 18. h3 Nxc3 19. Bxc3 Nh6 20. exd6 Bxc3 21. bxc3 exd6 22. Qxd6 Qxb5 23. Re5 Qb2 24. Rae1 Qxc3 25. Rxc5 Qb4 26. Rec1 Nf5 27. Qf6 Qxf4 28. Rc7 Rae8 29. R1c4 Re4 30. Rxf7 Qe3+ 31. Kh2 Rxf7 32. Qxf7+ Kxf7 33. Rxe4 Qb6 34. Ng5+ Kf6 35. Nxh7+ Kg7 36. Ng5 Qc7+ 37. g3 Qxg3+ 38. Kh1 Qxg5 39. h4 Nxh4 40. Re2 Nf3 41. Re7+ Qxe7 0-1

[Event "Quebec-ch Amateur"]
[Site "Montreal CAN"]
[Date "1989.05.21"]
[Round "5"]
[White "Teichmann, Herbert"]
[Black "Charest, Johanne"]
[Result "0-1"]
[WhiteElo "1522"]
[BlackElo "1550"]
[PlyCount "70"]
[GameId "2160767912519393"]
[EventDate "1989.05.19"]
[EventType "swiss"]
[EventRounds "5"]
[EventCountry "CAN"]
[SourceTitle "EXT 2022"]
[Source "ChessBase"]
[SourceDate "2021.10.06"]
[SourceVersion "1"]
[SourceVersionDate "2021.10.06"]
[SourceQuality "1"]

1. d4 d5 2. c4 c6 3. e3 Nf6 4. Nc3 dxc4 5. Bxc4 Bf5 6. Nge2 Nbd7 7. a3 e6 8. O-O Bd6 9. f3 c5 10. d5 exd5 11. Nxd5 O-O 12. e4 Be6 13. Nec3 a6 14. Re1 b5 15. Nxf6+ Nxf6 16. Bxe6 fxe6 17. e5 b4 18. Na2 Bxe5 19. Qxd8 Raxd8 20. Rxe5 Rd1+ 21. Kf2 Ng4+ 22. Ke2 Rxc1 23. Rxc1 Nxe5 24. axb4 cxb4 25. Nxb4 Rb8 26. Nxa6 Rxb2+ 27. Kf1 Kf7 28. Nc5 Rb5 29. Kf2 Rxc5 30. Rd1 Rc2+ 31. Kg3 Kf6 32. Re1 g5 33. h3 h5 34. Rf1 Nd3 35. Rd1 Nf4 0-1

[Event "Quebec-ch U16"]
[Site "Montreal CAN"]
[Date "1989.03.02"]
[Round "1"]
[White "Bouchard, Joel"]
[Black "Salko, Nicolas"]
[Result "0-1"]
[WhiteElo "1474"]
[BlackElo "1463"]
[PlyCount "60"]
[GameId "2160767912519633"]
[EventDate "1989.03.02"]
[EventType "tourn"]
[EventRounds "7"]
[EventCountry "CAN"]
[SourceTitle "hb 2014"]

1. d4 d5 2. c4 c6 3. Nc3 Nf6 4. Nf3 e6 5. Bg5 Be7 6. e3 Nbd7 7. Qc2 h6 8. Bh4 b6 9. Bd3 Ba6 10. b3 Rc8 11. O-O O-O 12. Rfd1 Re8 13. Bg3 c5 14. Ne2 cxd4 15. Nexd4 b5 16. Nd2 bxc4 17. bxc4 dxc4 18. Nxc4 Nd5 19. Rac1 Nb4 20. Qb1 Nxd3 21. Qxd3 Nb6 22. Qe4 Nxc4 23. Nxe6 Qb6 24. Nxg7 Kxg7 25. Rxc4 Rxc4 26. Be5+ Kg8 27. Bd4 Qe6 28. Qf3 Rxd4 29. Rxd4 Bf6 30. Re4 Qxe4 0-1

[Event "Quebec-ch U16"]
[Site "Montreal CAN"]
[Date "1989.03.02"]
[Round "1"]
[White "Marcil, Alexandre"]
[Black "Paquette, Denis"]
[Result "1/2-1/2"]
[WhiteElo "1549"]
[BlackElo "1521"]
[PlyCount "100"]
[GameId "2160767912519634"]
[EventDate "1989.03.02"]
[EventType "tourn"]
[EventRounds "7"]
[EventCountry "CAN"]
[SourceTitle "hb 2014"]

1. e4 c6 2. d4 d5 3. Nc3 dxe4 4. Nxe4 Nd7 5. Nf3 Ngf6 6. Bd3 Nxe4 7. Bxe4 Nf6 8. Bd3 Bg4 9. c3 e6 10. O-O Qc7 11. h3 Bxf3 12. Qxf3 O-O-O 13. Bf4 Bd6 14. Bxd6 Qxd6 15. a4 c5 16. Be4 Nxe4 17. Qxe4 cxd4 18. Rfd1 Qb6 19. cxd4 Rd5 20. Rac1+ Kd7 21. Qc2 g6 22. Qc3 Rd8 23. b3 Ke8 24. Qc4 Rxd4 25. Rxd4 Qxd4 26. Qb5+ Qd7 27. Qe5 Qd4 28. Qc5 Qxc5 29. Rxc5 Rd1+ 30. Kh2 Rb1 31. Rb5 b6 32. a5 bxa5 33. Rxa5 Rxb3 34. Rxa7 Rd3 35. f3 Rd7 36. Ra4 f5 37. Kg3 Kf7 38. Ra5 Kf6 39. Ra6 g5 40. Ra5 h5 41. h4 g4 42. Ra3 Rg7 43. f4 Rd7 44. Rb3 Ke7 45. Ra3 Kf6 46. Rb3 Re7 47. Ra3 e5 48. fxe5+ Rxe5 49. Ra6+ Re6 50. Ra3 Re4 1/2-1/2

[Event "Quebec-ch U16"]
[Site "Montreal CAN"]
[Date "1989.03.02"]
[Round "1"]
[White "Ramirez, Claudio"]
[Black "Nataf, Philippe"]
[Result "1-0"]
[WhiteElo "1365"]
[BlackElo "1551"]
[PlyCount "131"]
[GameId "2160767912519635"]
[EventDate "1989.03.02"]
[EventType "tourn"]
[EventRounds "7"]
[EventCountry "CAN"]
[SourceTitle "hb 2014"]

1. Nf3 d5 2. d4 g6 3. c4 c6 4. e3 Bg7 5. Nbd2 Nf6 6. Bd3 O-O 7. O-O Re8 8. b3 Nbd7 9. Bb2 e5 10. Nxe5 Nxe5 11. dxe5 Ng4 12. Nf3 Nxe5 13. Nxe5 Bxe5 14. Bxe5 Rxe5 15. Qf3 Rg5 16. Rfe1 Be6 17. Rac1 Qa5 18. Qe2 Rd8 19. Rc2 b5 20. cxb5 cxb5 21. Bxb5 d4 22. Bd3 dxe3 23. Rec1 Bh3 24. g3 exf2+ 25. Kxf2 Qd5 26. Be4 Rf5+ 27. Kg1 Qd4+ 28. Kh1 Re8 29. Rc4 Rf2 30. Qd1 Qb2 31. R4c2 Qe5 32. Rxf2 Qxe4+ 33. Kg1 Qe3 34. Qd2 Qe5 35. Rd1 h5 36. Rc1 Kh7 37. Rxf7+ Kg8 38. Rf2 Re7 39. Rd1 Kh7 40. Rc1 Qe4 41. Rd1 h4 42. Rf4 Qb7 43. Rxh4+ Kg8 44. Rxh3 Qb6+ 45. Qd4 Re1+ 46. Kg2 Rxd1 47. Qxd1 Qc6+ 48. Kf2 Qc5+ 49. Kf1 Qf5+ 50. Kg2 Qe4+ 51. Kf2 Qf5+ 52. Qf3 Qc5+ 53. Qe3 Qf5+ 54. Qf4 Qc2+ 55. Kf3 Qd1+ 56. Ke4 Qe2+ 57. Qe3 Qg4+ 58. Kd3 Qd7+ 59. Kc2 Qf5+ 60. Kb2 Qf6+ 61. Qc3 Qf2+ 62. Ka3 Qf8+ 63. Qb4 Qf6 64. Qb8+ Kg7 65. Qh8+ Kf7 66. Qxf6+ 1-0

[Event "Quebec-ch U16"]
[Site "Montreal CAN"]
[Date "1999.03.02"]
[Round "1"]
[White "Charest, Johanne"]
[Black "Carrier, Michel"]
[Result "1-0"]
[WhiteElo "1535"]
[BlackElo "1419"]
[PlyCount "104"]
[GameId "2160767912519636"]
[EventDate "1989.03.02"]
[EventType "tourn"]
[EventRounds "7"]
[EventCountry "CAN"]
[SourceTitle "hb 2014"]

1. e4 d6 2. d4 Nf6 3. Nc3 g6 4. Nf3 Bg7 5. Be3 O-O 6. Bd3 Nbd7 7. Qd2 Re8 8. Bc4 e6 9. Bd3 e5 10. dxe5 Nxe5 11. Nxe5 dxe5 12. O-O-O c6 13. f3 Be6 14. h4 h5 15. Rdg1 Qd7 16. Kb1 Red8 17. Qc1 b6 18. Be2 Rab8 19. Bg5 Rdc8 20. Rd1 Qc7 21. Rhg1 b5 22. g4 hxg4 23. fxg4 b4 24. Na4 Nxe4 25. Be3 c5 26. h5 c4 27. Bf3 Nd6 28. Bc5 Bf8 29. h6 Bd7 30. Bxd6 Bxd6 31. h7+ Kh8 32. Qg5 Qd8 33. Qxd8+ Rxd8 34. Rxd6 Bxa4 35. Ra6 Be8 36. Rxa7 Kxh7 37. Re7 Rb5 38. Re1 Kh6 39. R7xe5 Rxe5 40. Rxe5 c3 41. bxc3 bxc3 42. Rc5 f5 43. gxf5 gxf5 44. Rxf5 Rc8 45. a3 Kg7 46. Bg4 Kg6 47. Rf3 Rc4 48. Re3 Bf7 49. Be6 Bxe6 50. Rxe6+ Kf5 51. Re3 Kf4 52. Rd3 Ke4 1-0

[Event "Quebec-ch U16"]
[Site "Montreal CAN"]
[Date "1989.03.03"]
[Round "2"]
[White "Bouchard, Joel"]
[Black "Ramirez, Claudio"]
[Result "0-1"]
[WhiteElo "1474"]
[BlackElo "1365"]
[PlyCount "84"]
[GameId "2160767912519637"]
[EventDate "1989.03.02"]
[EventType "tourn"]
[EventRounds "7"]
[EventCountry "CAN"]
[SourceTitle "hb 2014"]

1. e4 e5 2. Nf3 Nf6 3. Nxe5 d6 4. Nf3 Nxe4 5. d4 d5 6. c4 Bb4+ 7. Bd2 Bxd2+ 8. Nbxd2 Nxd2 9. Qxd2 O-O 10. Be2 dxc4 11. O-O c6 12. Bxc4 Re8 13. Qf4 Be6 14. Bxe6 Rxe6 15. Ng5 Re7 16. Rae1 h6 17. Qf5 hxg5 18. Rxe7 Qxe7 19. Qc8+ Kh7 20. Qh3+ Kg6 21. Qd3+ f5 22. g4 Qe4 23. gxf5+ Qxf5 24. Qb3 b5 25. Qg8 Qg4+ 26. Kh1 Qe4+ 27. Kg1 Qg4+ 28. Kh1 Qf3+ 29. Kg1 c5 30. Qe8+ Kh7 31. dxc5 Qg4+ 32. Kh1 Qf3+ 33. Kg1 Na6 34. Qxb5 Qg4+ 35. Kh1 Qe4+ 36. Kg1 Nb4 37. a3 Qg4+ 38. Kh1 Qf3+ 39. Kg1 Nd3 40. c6 Qg4+ 41. Kh1 Nf4 42. Rg1 Qf3+ 0-1

[Event "Quebec-ch U16"]
[Site "Montreal CAN"]
[Date "1989.03.03"]
[Round "2"]
[White "Carrier, Michel"]
[Black "Marcil, Alexandre"]
[Result "0-1"]
[WhiteElo "1419"]
[BlackElo "1549"]
[PlyCount "102"]
[GameId "2160767912519638"]
[EventDate "1989.03.02"]
[EventType "tourn"]
[EventRounds "7"]
[EventCountry "CAN"]
[SourceTitle "hb 2014"]

1. e4 e5 2. Nf3 Nc6 3. Bc4 Bc5 4. b4 Bxb4 5. c3 Be7 6. d4 Na5 7. Nxe5 Nxc4 8. Nxc4 d5 9. exd5 Qxd5 10. Ne3 Qa5 11. O-O Nf6 12. Bd2 O-O 13. c4 Qb6 14. Bc3 Ne4 15. Nd5 Qd6 16. Nxe7+ Qxe7 17. Qe2 Re8 18. Re1 Qd8 19. Nd2 Nf6 20. Qd3 Bd7 21. Nf3 c6 22. Rxe8+ Qxe8 23. Re1 Qd8 24. Qe3 Be6 25. Qd3 Qd6 26. Ne5 a6 27. c5 Qd5 28. a3 Qb3 29. Bb4 Qxd3 30. Nxd3 Rd8 31. Bc3 Nd5 32. Bb2 Nc7 33. Nf4 Kf8 34. Nxe6+ Nxe6 35. Re4 Nxc5 36. Re1 Nd3 37. Rb1 Nxb2 38. Rxb2 Rxd4 39. Kf1 b5 40. Ke2 Ra4 41. Rb3 Ke7 42. Kd3 Kd6 43. Kc3 c5 44. Kb2 b4 45. axb4 Rxb4 46. Rxb4 cxb4 47. Kb3 a5 48. Kc4 Kc6 49. f4 Kd6 50. g4 Ke6 51. h4 h5 0-1

[Event "Quebec-ch U16"]
[Site "Montreal CAN"]
[Date "1989.03.03"]
[Round "2"]
[White "Nataf, Philippe"]
[Black "Charest, Johanne"]
[Result "1-0"]
[WhiteElo "1551"]
[BlackElo "1535"]
[PlyCount "77"]
[GameId "2160767912519639"]
[EventDate "1989.03.02"]
[EventType "tourn"]
[EventRounds "7"]
[EventCountry "CAN"]
[SourceTitle "hb 2014"]

1. e4 e5 2. Nf3 Nc6 3. Bc4 Bc5 4. c3 Nf6 5. d4 exd4 6. e5 Qe7 7. O-O Ng4 8. Bg5 Qf8 9. cxd4 Bb6 10. h3 Nh6 11. Re1 Nf5 12. d5 Ncd4 13. Nxd4 Nxd4 14. Nc3 h6 15. Be3 Nf5 16. Bxb6 axb6 17. g4 Nh4 18. Nb5 Qc5 19. Rc1 O-O 20. d6 Qb4 21. Re4 Qa5 22. Nxc7 Rb8 23. Bd5 b5 24. Rc5 b6 25. Rxb5 Qd2 26. Qxd2 Nf3+ 27. Kg2 Nxd2 28. Rd4 Nb3 29. Rxb3 Kh8 30. Rdb4 Bb7 31. Bxb7 Rxb7 32. Rxb6 Rxb6 33. Rxb6 f6 34. Na6 Kh7 35. e6 dxe6 36. d7 Rd8 37. Nc5 e5 38. Re6 Kg6 39. Re8 1-0

[Event "Quebec-ch U16"]
[Site "Montreal CAN"]
[Date "1989.03.03"]
[Round "2"]
[White "Salko, Nicolas"]
[Black "Paquette, Denis"]
[Result "0-1"]
[WhiteElo "1463"]
[BlackElo "1521"]
[PlyCount "98"]
[GameId "2160767912519640"]
[EventDate "1989.03.02"]
[EventType "tourn"]
[EventRounds "7"]
[EventCountry "CAN"]
[SourceTitle "hb 2014"]

1. d4 Nf6 2. c4 g6 3. Nc3 Bg7 4. Nf3 d6 5. Bg5 O-O 6. Qd2 Nbd7 7. Bh6 e5 8. Bxg7 Kxg7 9. dxe5 Nxe5 10. Nxe5 dxe5 11. Qxd8 Rxd8 12. g3 Be6 13. b3 c6 14. Bg2 Rac8 15. O-O Rd2 16. Rfd1 Rcd8 17. Kf1 Rxd1+ 18. Rxd1 Rxd1+ 19. Nxd1 Nd7 20. Nb2 f5 21. Nd3 g5 22. f3 f4 23. gxf4 exf4 24. h4 h6 25. hxg5 hxg5 26. Kf2 Bf5 27. Bf1 Bxd3 28. exd3 c5 29. Ke2 Ne5 30. Bh3 Kf6 31. Bc8 b6 32. Bh3 Kg6 33. Bg4 Nxg4 34. fxg4 Kf6 35. a3 a5 36. Kd2 Ke5 37. Ke2 Kd4 38. Kd2 f3 39. a4 f2 40. Ke2 f1=Q+ 41. Kxf1 Kxd3 42. Kf2 Ke4 43. Kg3 Ke3 44. Kg2 Kf4 45. Kh3 Kf3 46. Kh2 Kxg4 47. Kg2 Kf4 48. Kf2 g4 49. Kg2 g3 0-1

[Event "Quebec-ch U16"]
[Site "Montreal CAN"]
[Date "1989.03.03"]
[Round "3"]
[White "Charest, Johanne"]
[Black "Bouchard, Joel"]
[Result "1-0"]
[WhiteElo "1535"]
[BlackElo "1474"]
[PlyCount "65"]
[GameId "2160767912519641"]
[EventDate "1989.03.02"]
[EventType "tourn"]
[EventRounds "7"]
[EventCountry "CAN"]
[SourceTitle "hb 2014"]

1. e4 c5 2. Nf3 d6 3. d4 cxd4 4. Nxd4 Nf6 5. Nc3 a6 6. Be2 e5 7. Nb3 Be7 8. Be3 Nc6 9. Qd2 O-O 10. f3 b5 11. a3 Bb7 12. g4 Ne8 13. O-O-O Nc7 14. Bb6 Bg5 15. Be3 Bxe3 16. Qxe3 Ne6 17. h4 Nf4 18. Bf1 Re8 19. h5 Re6 20. Nd5 Qg5 21. Kb1 Ra7 22. Na5 Nd4 23. c3 Nh3 24. Rxh3 Qxe3 25. Nxe3 Nxf3 26. Nxb7 Ng5 27. Rh2 Rxb7 28. c4 Rb8 29. Rf2 Nxe4 30. Rc2 f6 31. Bg2 bxc4 32. Bxe4 Re7 33. Rxd6 1-0

[Event "Quebec-ch U16"]
[Site "Montreal CAN"]
[Date "1989.03.03"]
[Round "3"]
[White "Marcil, Alexandre"]
[Black "Nataf, Philippe"]
[Result "1/2-1/2"]
[WhiteElo "1549"]
[BlackElo "1551"]
[PlyCount "235"]
[GameId "2160767912519642"]
[EventDate "1989.03.02"]
[EventType "tourn"]
[EventRounds "7"]
[EventCountry "CAN"]
[SourceTitle "hb 2014"]

1. e4 d5 2. exd5 Nf6 3. d4 Nxd5 4. c4 Nb6 5. Nf3 g6 6. Be3 Bg7 7. h3 O-O 8. Be2 Nc6 9. O-O Bf5 10. Nc3 Qd7 11. Qd2 h5 12. Rfd1 Rfd8 13. Rac1 Qc8 14. Qe1 e5 15. dxe5 Nxe5 16. Nxe5 Bxe5 17. Rxd8+ Qxd8 18. Qd2 Qf6 19. Bf4 Re8 20. Bxe5 Qxe5 21. b3 c5 22. Bf3 Re7 23. Qd8+ Re8 24. Qd2 Re7 25. Qd8+ Kg7 26. Qd2 Qf6 27. Nd5 Nxd5 28. Bxd5 Be4 29. Bxe4 Rxe4 30. Qd5 Re2 31. Qxc5 b6 32. Qd5 Qxf2+ 33. Kh1 Rxa2 34. Qe5+ Kh7 35. Qe4 Rb2 36. Rb1 Re2 37. Qd5 Re3 38. b4 Rc3 39. Ra1 Rc2 40. Rb1 Rd2 41. Qb7 Qf5 42. Rc1 Rd7 43. Qc6 Rd3 44. Qc7 Rd7 45. Qc6 Kg7 46. c5 Qf4 47. cxb6 axb6 48. b5 Rd6 49. Qc3+ Qf6 50. Qc4 Rd4 51. Qb3 Qf4 52. Qc3 Qe5 53. Qb3 Rd5 54. Rb1 Rd2 55. Rf1 Qd5 56. Qc3+ Kg8 57. Qc6 Qxc6 58. bxc6 Rc2 59. Rf6 b5 60. Rd6 Kg7 61. Rd5 b4 62. Rb5 Rc4 63. c7 Kf6 64. c8=Q Rxc8 65. Rxb4 Kg5 66. Kh2 Rc2 67. Kg3 Rc3+ 68. Kf2 h4 69. Rg4+ Kh5 70. Rf4 f5 71. Kf1 Kg5 72. Rb4 Re3 73. Kf2 Re4 74. Rb3 Kf4 75. Rf3+ Ke5 76. Ra3 Rb4 77. Re3+ Kf4 78. Rf3+ Kg5 79. Re3 Rf4+ 80. Kg1 Re4 81. Rf3 Re2 82. Kf1 Rb2 83. Kg1 Kf6 84. Kf1 g5 85. Kg1 Kg6 86. Ra3 g4 87. hxg4 fxg4 88. Ra6+ Kf5 89. Ra5+ Kf4 90. Ra4+ Kg3 91. Ra3+ Kf4 92. Ra4+ Kf5 93. Ra5+ Ke6 94. Ra6+ Kd5 95. Ra5+ Kc6 96. Rh5 g3 97. Kf1 Rf2+ 98. Kg1 Rf4 99. Re5 Kd6 100. Re1 Kd5 101. Re2 Kd4 102. Re1 Kd3 103. Ra1 Rc4 104. Kf1 Rc2 105. Kg1 Ke2 106. Rb1 Rd2 107. Ra1 Rd1+ 108. Rxd1 Kxd1 109. Kh1 Ke2 110. Kg1 Ke3 111. Kh1 Kf4 112. Kg1 Kg5 113. Kh1 Kh5 114. Kg1 Kg4 115. Kh1 h3 116. Kg1 hxg2 117. Kxg2 Kf4 118. Kg1 1/2-1/2

[Event "Quebec-ch U16"]
[Site "Montreal CAN"]
[Date "1989.03.03"]
[Round "3"]
[White "Paquette, Denis"]
[Black "Carrier, Michel"]
[Result "1-0"]
[WhiteElo "1521"]
[BlackElo "1419"]
[PlyCount "117"]
[GameId "2160767912519643"]
[EventDate "1989.03.02"]
[EventType "tourn"]
[EventRounds "7"]
[EventCountry "CAN"]
[SourceTitle "hb 2014"]

1. d4 d5 2. Nf3 Nf6 3. c4 e6 4. Bg5 Be7 5. Nc3 Nbd7 6. e3 O-O 7. Bd3 h6 8. Bh4 Re8 9. cxd5 exd5 10. O-O c6 11. Qc2 b5 12. a3 a6 13. Bxf6 Nxf6 14. Na2 Qc7 15. Rfc1 Bb7 16. Ne5 Rec8 17. Bf5 Rd8 18. Nxc6 Bxc6 19. Qxc6 Qxc6 20. Rxc6 g6 21. Bd3 Rdc8 22. Rac1 Rxc6 23. Rxc6 Kg7 24. a4 bxa4 25. Rxa6 Rxa6 26. Bxa6 a3 27. bxa3 Bxa3 28. Bb7 Bd6 29. Nc3 Bb4 30. Nxd5 Nxd5 31. Bxd5 Bd6 32. g4 g5 33. Kg2 Kg6 34. h3 f5 35. gxf5+ Kxf5 36. Kf3 Bh2 37. Bb7 Bc7 38. Bc8+ Kf6 39. Ke4 Bh2 40. f3 Bc7 41. Kd5 Bg3 42. e4 Bf4 43. e5+ Ke7 44. Ke4 Bd2 45. Kf5 Bc3 46. d5 Bd4 47. Ba6 Bc3 48. Bb5 Bd4 49. d6+ Kd8 50. Ke6 Bc3 51. Kd5 Bb2 52. e6 Bf6 53. e7+ Bxe7 54. dxe7+ Kxe7 55. Ke5 Kf7 56. Kf5 Kg7 57. Be8 Kh7 58. Kf6 g4 59. hxg4 1-0

[Event "Quebec-ch U16"]
[Site "Montreal CAN"]
[Date "1989.03.03"]
[Round "3"]
[White "Ramirez, Claudio"]
[Black "Salko, Nicolas"]
[Result "1/2-1/2"]
[WhiteElo "1365"]
[BlackElo "1461"]
[PlyCount "41"]
[GameId "2160767912519644"]
[EventDate "1989.03.02"]
[EventType "tourn"]
[EventRounds "7"]
[EventCountry "CAN"]
[SourceTitle "hb 2014"]

1. Nf3 d5 2. d4 c5 3. dxc5 Nf6 4. Nc3 Bf5 5. Bf4 e6 6. Nb5 Qa5+ 7. Nc3 Ne4 8. Bd2 Nxd2 9. Qxd2 Nc6 10. a3 Bxc5 11. e3 Bb4 12. Bd3 Bxc3 13. bxc3 Bg6 14. O-O Rc8 15. Rfb1 Qc7 16. c4 Bxd3 17. Qxd3 dxc4 18. Qxc4 O-O 19. Rd1 Nd8 20. Qxc7 Rxc7 21. Rd2 1/2-1/2

[Event "Quebec-ch U16"]
[Site "Montreal CAN"]
[Date "1989.03.04"]
[Round "4"]
[White "Bouchard, Joel"]
[Black "Marcil, Alexandre"]
[Result "0-1"]
[WhiteElo "1474"]
[BlackElo "1549"]
[PlyCount "52"]
[GameId "2160767912519645"]
[EventDate "1989.03.02"]
[EventType "tourn"]
[EventRounds "7"]
[EventCountry "CAN"]
[SourceTitle "hb 2014"]

1. e4 e5 2. Nf3 Nc6 3. Bb5 a6 4. Ba4 Nf6 5. O-O Be7 6. Re1 b5 7. Bb3 O-O 8. c3 d5 9. exd5 Nxd5 10. Nxe5 Nxe5 11. Rxe5 Nf6 12. Re1 Bd6 13. d4 Ng4 14. h3 Qh4 15. Bxf7+ Rxf7 16. Re8+ Bf8 17. f3 Qf2+ 18. Kh1 Nf6 19. Rd8 Bb7 20. Rxa8 Bxa8 21. Qg1 Qh4 22. Qf1 Bd6 23. Be3 Re7 24. Bf2 Qf4 25. Qg1 Re2 26. Bh4 Qxh4 0-1

[Event "Quebec-ch U16"]
[Site "Montreal CAN"]
[Date "1989.03.04"]
[Round "4"]
[White "Nataf, Philippe"]
[Black "Paquette, Denis"]
[Result "0-1"]
[WhiteElo "1551"]
[BlackElo "1521"]
[PlyCount "94"]
[GameId "2160767912519646"]
[EventDate "1989.03.02"]
[EventType "tourn"]
[EventRounds "7"]
[EventCountry "CAN"]
[SourceTitle "hb 2014"]

1. e4 c6 2. f4 d5 3. e5 Bf5 4. d3 e6 5. Nf3 Bg4 6. Nbd2 c5 7. Be2 Ne7 8. O-O Qb6 9. Kh1 Nf5 10. Nb3 a5 11. a4 Nc6 12. Bd2 Rd8 13. Qc1 h5 14. Qe1 h4 15. Bxa5 Nxa5 16. Qxa5 Qxa5 17. Nxa5 b6 18. Nb3 Be7 19. c4 h3 20. g3 dxc4 21. dxc4 Ne3 22. Rfc1 Bxf3+ 23. Bxf3 Rd3 24. Rc3 Rxc3 25. bxc3 Nxc4 26. Bc6+ Kf8 27. Bb5 Na5 28. Nd2 g5 29. Rf1 gxf4 30. Rxf4 Bg5 31. Rf2 Rh5 32. Ne4 Be7 33. Nd6 Rxe5 34. Nxf7 Re1+ 35. Bf1 Kg7 36. Rf3 Nc4 37. Kg1 Nd2 38. Rf4 Rxf1+ 39. Rxf1 Nxf1 40. Ne5 Nd2 41. Nd7 Bd8 42. a5 bxa5 43. Nxc5 Bb6 44. Kf2 Bxc5+ 45. Ke2 Nb3 46. Kd3 a4 47. Kc2 Bg1 0-1

[Event "Quebec-ch U16"]
[Site "Montreal CAN"]
[Date "1989.03.04"]
[Round "4"]
[White "Ramirez, Claudio"]
[Black "Charest, Johanne"]
[Result "0-1"]
[WhiteElo "1365"]
[BlackElo "1535"]
[PlyCount "80"]
[GameId "2160767912519647"]
[EventDate "1989.03.02"]
[EventType "tourn"]
[EventRounds "7"]
[EventCountry "CAN"]
[SourceTitle "hb 2014"]

1. c4 e5 2. Nc3 Nf6 3. g3 Nc6 4. Bg2 Be7 5. Nf3 d6 6. b3 Rb8 7. Bb2 Bf5 8. d3 O-O 9. O-O h6 10. Qd2 Re8 11. Rfe1 e4 12. Nh4 Bh7 13. dxe4 Nxe4 14. Bxe4 Bxe4 15. Nxe4 Bxh4 16. Nxd6 Bg5 17. f4 Bf6 18. Bxf6 gxf6 19. Rad1 cxd6 20. Qxd6 Qxd6 21. Rxd6 Kg7 22. Kf2 Rbd8 23. Red1 f5 24. Rxd8 Rxd8 25. Rxd8 Nxd8 26. Kf3 h5 27. e4 Kf6 28. exf5 Kxf5 29. h3 Ne6 30. Ke3 a6 31. b4 b6 32. a3 a5 33. c5 axb4 34. cxb6 bxa3 35. b7 a2 36. b8=Q a1=Q 37. Qb5+ Kf6 38. Qxh5 Qe1+ 39. Kd3 Qxg3+ 40. Ke2 Nxf4+ 0-1

[Event "Quebec-ch U16"]
[Site "Montreal CAN"]
[Date "1989.03.04"]
[Round "4"]
[White "Salko, Nicolas"]
[Black "Carrier, Michel"]
[Result "1-0"]
[WhiteElo "1463"]
[BlackElo "1419"]
[PlyCount "85"]
[GameId "2160767912519648"]
[EventDate "1989.03.02"]
[EventType "tourn"]
[EventRounds "7"]
[EventCountry "CAN"]
[SourceTitle "hb 2014"]

1. d4 d6 2. Nf3 Nf6 3. b3 c6 4. Bb2 b5 5. e3 Bg4 6. Bd3 Qb6 7. h3 Bh5 8. O-O Nbd7 9. Nbd2 g6 10. c4 Bxf3 11. Qxf3 a6 12. Rfc1 Rc8 13. d5 c5 14. Ne4 Bg7 15. Nc3 b4 16. Na4 Qa7 17. a3 a5 18. axb4 axb4 19. Nc3 Qb7 20. Nb5 O-O 21. Ra7 Qb6 22. Rca1 Rfe8 23. R1a6 Qb8 24. Ra8 Qb7 25. R8a7 Qb8 26. Qd1 Nb6 27. Qa1 Kf8 28. Qa5 Nfd7 29. Bxg7+ Kxg7 30. Qa1+ f6 31. f4 Kf7 32. h4 e5 33. f5 Rg8 34. Qd1 Rcd8 35. Qg4 gxf5 36. Qh5+ Kf8 37. Bxf5 Rg7 38. Qh6 Kf7 39. Qh5+ Kf8 40. Ra1 Nxd5 41. Bxd7 Rdxd7 42. Ra8 Qxa8 43. Rxa8+ 1-0

[Event "Quebec-ch U16"]
[Site "Montreal CAN"]
[Date "1989.03.04"]
[Round "5"]
[White "Carrier, Michel"]
[Black "Nataf, Philippe"]
[Result "0-1"]
[WhiteElo "1419"]
[BlackElo "1551"]
[PlyCount "54"]
[GameId "2160767912519649"]
[EventDate "1989.03.02"]
[EventType "tourn"]
[EventRounds "7"]
[EventCountry "CAN"]
[SourceTitle "hb 2014"]

1. b3 d5 2. Bb2 c5 3. f4 e6 4. e3 Nf6 5. Nf3 Nc6 6. Bb5 Bd7 7. O-O Be7 8. Bxc6 Bxc6 9. a4 h6 10. d3 Qc7 11. Nbd2 Ng4 12. Qe2 d4 13. e4 Qxf4 14. g3 Qe3+ 15. Qxe3 Nxe3 16. Rfc1 Bg5 17. h4 Be7 18. Nxd4 cxd4 19. Bxd4 Ng4 20. Bxg7 Rg8 21. Bd4 O-O-O 22. Bxa7 Bf6 23. Ra2 Bc3 24. Nf3 Ne5 25. Kg2 f5 26. Nxe5 Bxe5 27. Bf2 f4 0-1

[Event "Quebec-ch U16"]
[Site "Montreal CAN"]
[Date "1989.03.04"]
[Round "5"]
[White "Charest, Johanne"]
[Black "Salko, Nicolas"]
[Result "1/2-1/2"]
[WhiteElo "1535"]
[BlackElo "1463"]
[PlyCount "87"]
[GameId "2160767912519650"]
[EventDate "1989.03.02"]
[EventType "tourn"]
[EventRounds "7"]
[EventCountry "CAN"]
[SourceTitle "hb 2014"]

1. e4 e5 2. Nf3 Nc6 3. Bc4 Bc5 4. c3 Nf6 5. d4 exd4 6. cxd4 Bb4+ 7. Bd2 Nxe4 8. Bxb4 Nxb4 9. Bxf7+ Kxf7 10. Qb3+ Kf8 11. Qxb4+ Qe7 12. Qxe7+ Kxe7 13. Nbd2 Nf6 14. O-O-O Re8 15. Rhe1+ Kf8 16. Rxe8+ Kxe8 17. Re1+ Kf8 18. h3 d6 19. g4 h6 20. Nb1 Bd7 21. Nc3 Re8 22. Re3 c6 23. Kd2 g5 24. Rxe8+ Bxe8 25. Ke3 Ke7 26. Ne1 c5 27. dxc5 dxc5 28. f4 gxf4+ 29. Kxf4 Ke6 30. Nd3 b6 31. h4 c4 32. Ne5 b5 33. a3 a5 34. g5 hxg5+ 35. hxg5 Nd5+ 36. Nxd5 Kxd5 37. g6 Bxg6 38. Nxg6 c3 39. bxc3 Kc4 40. Ne5+ Kxc3 41. Nc6 Kb3 42. Nxa5+ Kxa3 43. Ke3 Kb4 44. Nc6+ 1/2-1/2

[Event "Quebec-ch U16"]
[Site "Montreal CAN"]
[Date "1989.03.04"]
[Round "5"]
[White "Marcil, Alexandre"]
[Black "Ramirez, Claudio"]
[Result "1-0"]
[WhiteElo "1549"]
[BlackElo "1365"]
[PlyCount "35"]
[GameId "2160767912519651"]
[EventDate "1989.03.02"]
[EventType "tourn"]
[EventRounds "7"]
[EventCountry "CAN"]
[SourceTitle "hb 2014"]

1. e4 e5 2. Nf3 Nf6 3. Nxe5 d6 4. Nf3 Nxe4 5. d3 Nf6 6. Be2 Be7 7. Nc3 b6 8. O-O Bb7 9. Nd4 Nd5 10. Nxd5 Bxd5 11. Bf3 c6 12. Bxd5 cxd5 13. Qf3 O-O 14. Qxd5 Na6 15. Nc6 Qd7 16. Nxe7+ Qxe7 17. Bf4 Nb4 18. Qxd6 1-0

[Event "Quebec-ch U16"]
[Site "Montreal CAN"]
[Date "1989.03.04"]
[Round "5"]
[White "Paquette, Denis"]
[Black "Bouchard, Joel"]
[Result "1-0"]
[WhiteElo "1523"]
[BlackElo "1474"]
[PlyCount "113"]
[GameId "2160767912519652"]
[EventDate "1989.03.02"]
[EventType "tourn"]
[EventRounds "7"]
[EventCountry "CAN"]
[SourceTitle "hb 2014"]

1. d4 Nf6 2. c4 g6 3. Nc3 Bg7 4. e4 d6 5. Nf3 O-O 6. Be2 c5 7. d5 Nbd7 8. h3 a6 9. O-O Qa5 10. Bd2 Qb6 11. Qc2 Re8 12. a3 a5 13. Rab1 Qa6 14. Nb5 Qb6 15. b4 a4 16. bxc5 Nxc5 17. Be3 Nfxe4 18. Qxe4 Bf5 19. Qf4 Bxb1 20. Rxb1 Qd8 21. Bxc5 dxc5 22. Nc7 Qb8 23. Qh2 Rc8 24. Nxa8 Qxa8 25. d6 exd6 26. Qxd6 Bf8 27. Qb6 Re8 28. Bd3 Re7 29. Re1 Rxe1+ 30. Nxe1 Qe8 31. Kf1 Qd7 32. Qb5 Qxb5 33. cxb5 Bg7 34. Be4 b6 35. Nd3 Kf8 36. Nf4 Bc3 37. Ke2 Ke8 38. Nd5 Ba5 39. Nf6+ Kf8 40. Nxh7+ Kg7 41. Ng5 Bc3 42. Bc2 Bb2 43. Kd3 Bxa3 44. Bxa4 Kf6 45. Ne4+ Ke5 46. Nd2 Kf4 47. Nc4 Bb4 48. Nxb6 Be1 49. Ke2 Ba5 50. Nd7 c4 51. b6 Ke4 52. b7 Bc7 53. b8=Q Bxb8 54. Nxb8 Kd4 55. Kd2 c3+ 56. Kc2 Kc4 57. Bb3+ 1-0